000 00636nam a2200205Ia 4500
001 14676
003 GE_BSU
008 181216s||||||||xx |||||||||||||| ||und||
040 _cGE_BSU
080 _a821.353.1+821.353.1-31
100 _aქიაჩელი,ლეო
245 _aთხზულებანი 5 ტომად. ტ.2. გვადი ბიგვა
260 _aთბილისი
260 _bსაბჭოთა საქართველო
260 _c1961
300 _a416გვ.ილ.
653 _aგვადი ბიგვა
653 _aთხზულებანი
942 _cBK
999 _c47802
_d47802